Normal view MARC view
  • Karachi Stock Exchange

Entry Corporate Name

Number of records used in: 3

001 - CONTROL NUMBER

  • control field: 81165

003 - CONTROL NUMBER IDENTIFIER

  • control field: NUST

005 - DATE AND TIME OF LATEST TRANSACTION

  • control field: 20210804095521.0

008 - FIXED-LENGTH DATA ELEMENTS

  • fixed length control field: 210804|| aca||aabn | a|a d

040 ## - CATALOGING SOURCE

  • Original cataloging agency: NUST
  • Transcribing agency: NUST

110 ## - HEADING--CORPORATE NAME

  • Corporate name or jurisdiction name as entry element: Karachi Stock Exchange
  • Form subdivision: Periodicals

670 ## - SOURCE DATA FOUND

  • Source citation: Work cat.: (NUST)0: Balance sheet analysis of joint stock companies listed at the Karachi Stock Exchange 1999-2004 /
© 2023 Central Library, National University of Sciences and Technology. All Rights Reserved.